[Event "N�_LL 2007_08"]
[Site "Bachwirt, Ardaggerstr. 28"]
[Date "2007.10.28"]
[Round "4"]
[White "Wadsack, Winfried"]
[Black "Semeck, Horst"]
[Result "1/2-1/2"]
[WhiteElo "2093"]
[BlackElo "1908"]
[Annotator "Amstetten : B�hlerwerkl"]
[PlyCount "182"]
[EventDate "2007.10.28"]
[SourceDate "2007.10.28"]

1. e4 c6 2. d4 d5 3. exd5 cxd5 4. c4 Bf5 5. Nc3 dxc4 6. Bxc4 e6 7. Bb5+ Nc6 8.
Nf3 Bb4 9. Qa4 Bxc3+ 10. bxc3 Nge7 11. Ba3 O-O 12. Bxc6 bxc6 13. O-O Re8 14.
Rac1 Nd5 15. Rfe1 Qc7 16. Ne5 Rec8 17. c4 Nb6 18. Qb3 f6 19. Nf3 Qf4 20. Rc3
Rab8 21. Bc1 Qg4 22. h3 Qg6 23. Qd1 Qf7 24. Nh4 Bg6 25. Qe2 c5 26. dxc5 Rxc5
27. Nxg6 hxg6 28. Be3 Re5 29. Rb1 Rc8 30. Qc2 f5 31. Bd4 Re4 32. Bxb6 axb6 33.
f3 Re5 34. Qb2 Qa7 35. Kh1 Ra5 36. Qxb6 Qxb6 37. Rxb6 Rxa2 38. Rxe6 Kf7 39. Rb6
Ra7 40. c5 Rac7 41. c6 Ke6 42. Kh2 g5 43. Kg3 Kf6 44. f4 g6 45. fxg5+ Kxg5 46.
h4+ Kf6 47. Kf4 Re8 48. Rb4 Re6 49. Rbc4 Re8 50. g3 Re6 51. Rc5 Re4+ 52. Kf3
Re6 53. R3c4 Re1 54. Rb5 Re6 55. Rb6 Rd6 56. g4 fxg4+ 57. Kxg4 Re6 58. Kf3 Rd6
59. Ke3 Re7+ 60. Kf3 Rc7 61. Kf4 Re6 62. Rc5 Rd6 63. Rc1 Rd4+ 64. Kg3 Rd3+ 65.
Kf2 Rd6 66. Rc3 Re6 67. Rf3+ Kg7 68. Rc3 Kf6 69. Kf3 Rd6 70. Rc4 Rd3+ 71. Ke4
Rd6 72. Rc2 Re7+ 73. Kf4 Rc7 74. Rc4 Re6 75. Rc5 Rd6 76. h5 gxh5 77. Rxh5 Kg6
78. Rc5 Kf6 79. Rc2 Rd4+ 80. Ke3 Rd6 81. Rc4 Ke6 82. Ke4 Rh7 83. Rc5 Rh4+ 84.
Kf3 Rh7 85. Rg5 Rc7 86. Rg6+ Kd5 87. Rg5+ Kc4 88. Rg4+ Kc5 89. Rb1 Rcxc6 90.
Rg5+ Kc4 91. Rg4+ Kc3 1/2-1/2

[Event "N�-LL 2007_08"]
[Site "?"]
[Date "2007.10.28"]
[Round "4"]
[White "Neumeier, Klaus"]
[Black "Schroll, Gerhard"]
[Result "1/2-1/2"]
[WhiteElo "2289"]
[BlackElo "2386"]
[Annotator "Wr.Neustadt : Mauerbach"]
[PlyCount "126"]
[EventDate "2007.10.28"]
[SourceDate "2007.10.28"]

1. e4 e5 2. Nf3 Nc6 3. Bb5 Nf6 4. O-O Nxe4 5. d4 Nd6 6. Bxc6 dxc6 7. dxe5 Nf5
8. Qxd8+ Kxd8 9. Nc3 Be6 10. Ne4 h6 11. b3 a5 12. a4 Kc8 13. Bb2 b6 14. h3 g5
15. Nf6 c5 16. c4 Bg7 17. Nh5 Rg8 18. Nxg7 Nxg7 19. Nh2 Kb7 20. Rfd1 Rgd8 21.
g4 Bd7 22. e6 Nxe6 23. Bf6 Nd4 24. Bxd4 (24. Rab1 Re8) (24. Bxd8 Rxd8 25. Rd3
Bc6) 24... cxd4 25. Rxd4 Bc6 26. Rad1 Rxd4 27. Rxd4 Re8 28. Kf1 Be4 29. Rd2 Kc6
30. f3 Bg6 31. Kf2 Kc5 32. Rd7 Rc8 33. Rd5+ Kb4 34. Rb5+ Kc3 35. Nf1 Bc2 (35...
Rb8 36. Ng3 c6 37. Ne2+ Kb2 38. Re5 Kxb3) 36. Ng3 Re8 37. Ne2+ Kb2 (37... Rxe2+
38. Kxe2 Bxb3 39. Re5 Bxc4+ 40. Ke3 Kb4 41. Re4 c6) 38. Nd4 Bd1 39. c5 Kc3 (
39... Re5 40. Nc6 Rxc5 41. Rxc5 bxc5 42. Nxa5 Bxb3 43. Nxb3 Kxb3 44. a5 c4 45.
a6 c3 46. a7 c2 47. a8=Q c1=Q) 40. cxb6 Kxd4 41. bxc7 Rc8 42. Rb8 Rxc7 43. Rd8+
Kc3 44. Rxd1 Kxb3 45. Rd6 Kxa4 46. Rxh6 Kb4 (46... Kb5 47. Rh5 (47. Rh8 a4 48.
Rb8+ Kc4 49. f4 f6 50. Ra8 Kb3 51. Rb8+ Kc3 52. Ra8 Rc4 53. fxg5 fxg5 54. Ra5
Kb4 55. Rxg5 a3 56. Re5 a2 57. Re1 Kc3 58. g5 Rb4 59. Ra1 Kb2 60. Rxa2+ Kxa2
61. Kg3 Kb3 62. h4 Kc4 63. Kf4 Kd5+ 64. Kf5 Kd6 65. h5 Ke7 66. Kg6 Rb5 67. h6
Kf8) 47... Rc5 48. h4 (48. f4 a4 49. fxg5 a3 50. Rh8 Kb4 51. Ra8 Ra5 52. Rb8+
Ka4 53. Rb1 a2 54. Ra1 Kb3) 48... gxh4 49. Rxh4 a4 50. Rh7 (50. Rh1 a3 51. Kg3
Kb4 52. Ra1 Kb3 53. Kh4 Kb2 54. Rxa3 Kxa3 55. f4 Kb4 56. f5 Kc4 57. Kg5 Kd5 58.
Kf6 Rc4 59. g5 Rf4 60. Kxf7 Rxf5+ 61. Kg6 Ke6 62. Kh6 Rf1) 50... Rc7 51. g5 a3
52. Kg3 a2 53. Rh1 Ra7 (53... Kb4 54. Kg4 Kb3 55. Kf5 Rc6 56. f4 Kb2 57. Rh2+)
54. Ra1 Kc4 55. Kf4 Kc3 56. Ke5 Kb2 57. Rxa2+ Kxa2 58. Kf6 Kb3 59. f4) 47. Rb6+
Kc4 48. Ra6 Kb5 49. Ra8 a4 50. Kg3 Rc3 (50... Rc6 51. h4 (51. f4 f6 (51... Rc3+
52. Kf2 gxf4 53. h4 Rh3 54. h5 f5) 52. fxg5 fxg5 53. Rb8+ Ka5 54. Rg8 Rc5 55.
Rh8 a3 56. h4 Kb4 57. hxg5 a2 58. Rh1 Rxg5 59. Kh4 Rg8 60. Ra1 Kb3 61. g5 Kb2
62. Rxa2+ Kxa2 63. Kh5 Kb3 64. g6 Kc4 65. Kh6) 51... gxh4+ 52. Kxh4 Ra6) 51.
Rb8+ Ka5 52. Ra8+ Kb4 53. Rb8+ Kc4 54. Rf8 a3 55. Rxf7 a2 56. Ra7 Kb3 57. h4
gxh4+ 58. Kxh4 Rxf3 59. Kh5 (59. g5 Rf4+ 60. Kh3 Ra4 61. Rb7+ Ka3) 59... Kb2
60. Rxa2+ Kxa2 61. g5 Kb3 62. g6 Rg3 63. Kh6 Rxg6+ 1/2-1/2

[Event "N�_LL 2007_08"]
[Site "?"]
[Date "2007.10.28"]
[Round "4"]
[White "Steiner, Bruno"]
[Black "Bechmann, Gerhard"]
[Result "1/2-1/2"]
[WhiteElo "2220"]
[BlackElo "2066"]
[Annotator "Wr.Neustadt : Mauerbach"]
[PlyCount "41"]
[EventDate "2007.10.28"]
[SourceDate "2007.10.28"]

1. d4 f5 2. Bf4 Nf6 3. e3 d6 4. Nc3 c6 5. Nf3 g6 6. Bd3 Bg7 7. e4 fxe4 8. Nxe4
Nxe4 9. Bxe4 O-O 10. Qd2 Nd7 11. O-O-O Nf6 12. Bd3 Bg4 13. Be2 Ne4 14. Qe3 Nxf2
15. Qxf2 Rxf4 16. Qe3 Qf8 17. Kb1 Kh8 18. h3 Bd7 19. g3 Rf5 20. Rdf1 Bh6 21.
Qb3 1/2-1/2

[Event "N�_LL 2007_08"]
[Site "?"]
[Date "2007.10.28"]
[Round "4"]
[White "Strubreiter, Markus"]
[Black "Posch, Werner"]
[Result "1/2-1/2"]
[WhiteElo "2023"]
[BlackElo "2173"]
[Annotator "Wr.Neustadt : Mauerbach"]
[PlyCount "77"]
[EventDate "2007.10.28"]
[SourceDate "2007.10.28"]

1. e4 Nf6 2. Nc3 d5 3. exd5 Nxd5 4. Bc4 c6 5. d4 Bf5 6. Nf3 e6 7. O-O Be7 8.
Qe2 O-O 9. Ne4 Nd7 10. Ng3 Bg6 11. Bb3 a5 12. c4 Nb4 13. Qd1 a4 14. Bxa4 Bd3
15. Re1 Bxc4 16. a3 Nd3 17. Re3 Nxc1 18. Rxc1 Bd5 19. Bc2 g6 20. Ne4 Nf6 21.
Nc3 Rc8 22. Ne5 c5 23. Rh3 Bc6 24. Nxc6 Rxc6 25. dxc5 Qxd1+ 26. Rxd1 Rxc5 27.
Rhd3 Rfc8 28. Bb3 R8c7 29. h3 Kg7 30. g3 b5 31. Kg2 Rb7 32. Ba2 b4 33. axb4
Rxb4 34. R3d2 Rc7 35. Re2 Rcb7 36. Rdd2 Nd7 37. Nd5 exd5 38. Rxe7 Nf6 39. Rxb7
1/2-1/2

[Event "N�_LL 2007_08"]
[Site "?"]
[Date "2007.10.28"]
[Round "4"]
[White "Todor, Razvan"]
[Black "Weiss, Matth�us"]
[Result "1-0"]
[WhiteElo "2169"]
[BlackElo "1944"]
[Annotator "Wr.Neustadt : Mauerbach"]
[PlyCount "37"]
[EventDate "2007.10.28"]
[SourceDate "2007.10.28"]

1. c4 Nf6 2. Nc3 e6 3. e4 Bb4 4. e5 Ng8 5. Qg4 g6 6. Nf3 d6 7. d4 dxe5 8. dxe5
Bxc3+ 9. bxc3 c5 10. Be2 Nc6 11. Be3 Qc7 12. Bxc5 Nxe5 13. Qd4 Nxf3+ 14. Bxf3
f6 15. Bd6 Qa5 16. O-O e5 17. Rfe1 Ne7 18. Bxe5 fxe5 19. Rxe5 1-0

[Event "N�-LL 2007_08"]
[Site "?"]
[Date "2007.11.11"]
[Round "5"]
[White "Denk, Adolf"]
[Black "Kostic, Vladimir"]
[Result "0-1"]
[WhiteElo "2259"]
[BlackElo "2347"]
[Annotator "P�chlarn : St.P�lten"]
[PlyCount "44"]
[EventDate "2007.10.10"]
[SourceDate "2007.11.14"]

1. d4 e6 2. g3 c5 3. Bg2 cxd4 4. Qxd4 Nc6 5. Qd3 Qc7 6. a3 Nf6 7. e4 Bc5 8. Nf3
O-O 9. O-O a6 10. b4 Be7 11. Bb2 d6 12. c4 a5 13. bxa5 Qxa5 14. Nc3 Qh5 15. Nb5
e5 16. Rfe1 Bh3 17. Qf1 Bxg2 18. Kxg2 Rfc8 19. Qd3 Ne8 20. Bc3 Nd8 21. Bb4 Ne6
22. Nc3 N6c7 {Rest nicht lesbar} 0-1

[Event "N�-LL 2007_08"]
[Site "?"]
[Date "2007.11.11"]
[Round "5"]
[White "Kranzl, Peter"]
[Black "Ganaus, Hannes"]
[Result "1/2-1/2"]
[WhiteElo "2234"]
[BlackElo "2340"]
[Annotator "P�chlarn : St.P�lten"]
[PlyCount "66"]
[EventDate "2007.10.10"]
[SourceDate "2007.11.14"]

1. e4 c5 2. c3 d5 3. exd5 Qxd5 4. d4 e6 5. Nf3 Nf6 6. Bd3 Be7 7. O-O O-O 8. c4
Qd7 9. dxc5 Rd8 10. Ne5 Qd4 11. Qe2 Qxc5 12. b3 Nc6 13. Nxc6 Qxc6 14. Bb2 b6
15. Bxf6 Bxf6 16. Be4 Qd7 17. Nc3 Bb7 18. Rad1 Qe7 19. Qf3 Bxe4 20. Nxe4 Be5
21. a4 Rac8 22. Qe3 g6 23. g3 Rd7 24. Nc3 Bxc3 25. Qxc3 a5 26. Qe3 Rxd1 27.
Rxd1 Rd8 28. Rxd8+ Qxd8 29. h4 h5 30. Kf1 Qd1+ 31. Kg2 Qd6 32. Kf1 Qd1+ 33. Kg2
Qd6 1/2-1/2

[Event "N�-LL 2007_08"]
[Site "?"]
[Date "2007.11.11"]
[Round "5"]
[White "R�hrl, Karl"]
[Black "Weinzettl, Ernst"]
[Result "1/2-1/2"]
[WhiteElo "2221"]
[BlackElo "2290"]
[Annotator "P�chlarn : St.P�lten"]
[PlyCount "39"]
[EventDate "2007.10.10"]
[SourceDate "2007.11.14"]

1. e4 e6 2. d4 d5 3. Nd2 a6 4. c3 c5 5. Ngf3 cxd4 6. Nxd4 dxe4 7. Nxe4 e5 8.
Nf3 Qxd1+ 9. Kxd1 Nf6 10. Bd3 Nc6 11. Nxf6+ gxf6 12. Nh4 Be6 13. Ke2 Rd8 14.
Rd1 Rg8 15. g3 Be7 16. b3 h5 17. Be3 Ba3 18. Bc1 Bc5 19. Be3 Ba3 20. Bc1
1/2-1/2

[Event "N�-LL 2007_08"]
[Site "?"]
[Date "2007.11.11"]
[Round "5"]
[White "Loidl, Florian"]
[Black "Wallner, Erich"]
[Result "0-1"]
[WhiteElo "2199"]
[BlackElo "2192"]
[Annotator "P�chlarn : St.P�lten"]
[PlyCount "110"]
[EventDate "2007.10.10"]
[SourceDate "2007.11.14"]

1. d4 Nf6 2. Nf3 c5 3. d5 d6 4. Nc3 e5 5. e4 Be7 6. Nd2 O-O 7. Be2 Ne8 8. O-O
Bg5 9. Bg4 Bxg4 10. Qxg4 Nc7 11. g3 Nd7 12. h4 Bh6 13. Nc4 Bxc1 14. Raxc1 Qe7
15. Ne3 Rad8 16. a4 g6 17. Nb5 Ne8 18. a5 Ng7 19. Nc4 a6 20. Nc3 f5 21. Qg5 Nf6
22. f3 Rf7 23. Rce1 fxe4 24. fxe4 Rdf8 25. Kg2 Nge8 26. Nd2 Kg7 27. Nc4 h6 28.
Qc1 Nc7 29. Ne3 Nb5 30. Ncd1 Nxe4 31. Ng4 g5 32. Rh1 Nxg3 33. Kxg3 Rf3+ 34. Kg2
R3f4 35. Ngf2 Nd4 36. Rh3 Nf3 37. Rxf3 Rxf3 38. hxg5 Qf7 39. Qd2 Qh5 40. Rh1
Qxg5+ 41. Qxg5+ hxg5 42. Ne4 R3f4 43. Ng3 Kg6 44. c3 Ra4 45. Nf2 Rxa5 46. Ng4
Rf4 47. Rh6+ Kf7 48. Ne3 Rb5 49. Nd1 Ke7 50. Rh7+ Kd8 51. Rh8+ Kc7 52. Ne2 Rh4
53. Rxh4 gxh4 54. Kh3 c4 55. Ne3 Rxb2 0-1

[Event "N�_LL 2007_08"]
[Site "?"]
[Date "2007.11.11"]
[Round "5"]
[White "Schmid, Thomas"]
[Black "Rabl, Gerhard"]
[Result "1-0"]
[WhiteElo "2201"]
[BlackElo "1937"]
[Annotator "Stockerau : Waidhofen"]
[PlyCount "81"]
[EventDate "2007.??.??"]

1. e4 c5 2. Nf3 Nc6 3. Bb5 g6 4. Bxc6 dxc6 5. d3 Bg7 6. h3 e5 7. Be3 b6 8. Nc3
Ne7 9. Qd2 h6 10. O-O-O Be6 11. Nh2 g5 12. Nf1 Ng6 13. Ng3 Qd7 14. Nh5 Rg8 15.
Nxg7+ Rxg7 16. f3 O-O-O 17. g3 Qc7 18. h4 f6 19. Qf2 Rgd7 20. b3 Rh7 21. Ne2
gxh4 22. gxh4 h5 23. Rdg1 Qf7 24. Rg2 f5 25. Rhg1 Ne7 26. Bg5 Rf8 27. Qe1 fxe4
28. fxe4 Bg4 29. Ng3 Qe6 30. Nf1 Bh3 31. Rf2 Rxf2 32. Qxf2 Rf7 33. Qe1 Rxf1 34.
Rxf1 Bxf1 35. Qxf1 Kc7 36. Qf3 b5 37. Qxh5 Kb6 38. Qe8 Qh3 39. Qxe7 Qf1+ 40.
Kb2 b4 41. Qxe5 1-0

1+ 40. Kb2 b4 41. Qxe5 1-0

[Event "N�_LL 2007_08"]
[Site "?"]
[Date "2007.11.11"]
[Round "5"]
[White "Svanda, Pavel"]
[Black "Gr�tz, Harald"]
[Result "1/2-1/2"]
[WhiteElo "2246"]
[BlackElo "2321"]
[Annotator "Stockerau : Waidhofen"]
[PlyCount "84"]
[EventDate "2007.??.??"]

1. e4 c5 2. Nf3 d6 3. Bc4 Nc6 4. O-O Nf6 5. d3 e6 6. c3 Be7 7. Re1 O-O 8. Bb3
Qc7 9. Nbd2 a6 10. Nf1 b5 11. Ng3 Bb7 12. Qe2 Rac8 13. Bc2 Rfe8 14. Bb1 Ne5 15.
d4 Nxf3+ 16. gxf3 cxd4 17. cxd4 g6 18. Bd3 e5 19. d5 h5 20. a4 h4 21. Nf1 bxa4
22. Bxa6 Bxa6 23. Qxa6 Ra8 24. Qe2 Reb8 25. Ra3 Nh5 26. Rc3 Qd7 27. Ne3 Nf4 28.
Qf1 Bd8 29. Nc4 Bb6 30. Bxf4 exf4 31. Nxb6 Rxb6 32. Re2 Rab8 33. Qc1 g5 34.
Rec2 Qh3 35. Qa1 g4 36. Rc8+ Kh7 37. b4 Kg6 38. Qh8 gxf3 39. Qg8+ Kf6 40. Qh8+
Kg6 41. Qg8+ Kh6 42. Qh8+ Kg6 1/2-1/2

1/2-1/2

[Event "N�_LL 2007_08"]
[Site "?"]
[Date "2007.11.11"]
[Round "5"]
[White "Rosenauer, Harald"]
[Black "Batyte, Daiva"]
[Result "1/2-1/2"]
[WhiteElo "1981"]
[BlackElo "2219"]
[Annotator "Stockerau : Waidhofen"]
[PlyCount "113"]
[EventDate "2007.??.??"]

1. Nf3 Nf6 2. g3 g6 3. Bg2 Bg7 4. O-O O-O 5. c4 c5 6. Nc3 Nc6 7. d3 d6 8. Rb1
Bg4 9. h3 Bd7 10. e3 Qc8 11. Kh2 Rb8 12. a3 a6 13. b4 cxb4 14. axb4 b5 15. cxb5
Nxb4 16. Rxb4 Qxc3 17. Rb3 Qc7 18. bxa6 Ba4 19. Rc3 Qxc3 20. Qxa4 Qb4 21. Qxb4
Rxb4 22. Nd4 Ra4 23. Bb7 Ra2 24. Nc6 e6 25. e4 Nd7 26. Be3 Nc5 27. Bxc5 dxc5
28. Kg1 Bd4 29. Nxd4 cxd4 30. f4 Kg7 31. e5 Rb8 32. Rf2 Ra3 33. Rd2 Rxb7 34.
axb7 Rb3 35. Rc2 Rxb7 36. Rc4 Rd7 37. Kf2 f5 38. exf6+ Kxf6 39. Kf3 h5 40. g4
hxg4+ 41. hxg4 g5 42. fxg5+ Kxg5 43. Rc5+ Kf6 44. Kf4 Rf7 45. Ke4 Rh7 46. g5+
Kg6 47. Kxd4 Rh4+ 48. Ke5 Rh3 49. d4 Re3+ 50. Kf4 Rd3 51. Ke4 Rd1 52. Rc6 Re1+
53. Kf4 Rf1+ 54. Ke4 Re1+ 55. Kf4 Rf1+ 56. Ke5 Re1+ 57. Kf4 1/2-1/2

[Event "N�-LL 2007_08"]
[Site "?"]
[Date "2007.11.11"]
[Round "5"]
[White "Rumpl, Erwin"]
[Black "Mahdy, Khaled"]
[Result "1/2-1/2"]
[WhiteElo "2286"]
[BlackElo "2396"]
[Annotator "Krems : Amstetten"]
[PlyCount "21"]
[EventDate "2007.10.10"]
[SourceDate "2007.11.14"]

1. Nf3 d5 2. g3 Nf6 3. Bg2 c6 4. O-O Bg4 5. d3 Nbd7 6. c4 e6 7. h3 Bh5 8. cxd5
exd5 9. Qb3 Bxf3 10. Bxf3 Qb6 11. Qc2 1/2-1/2

[Event "N�-LL 2007_08"]
[Site "?"]
[Date "2007.11.11"]
[Round "5"]
[White "Winiwarter, Felix"]
[Black "Wadsack, Wolfgang"]
[Result "1-0"]
[WhiteElo "2147"]
[BlackElo "2210"]
[Annotator "Krems : Amstetten"]
[PlyCount "123"]
[EventDate "2007.10.10"]
[SourceDate "2007.11.14"]

1. e4 d5 2. exd5 Nf6 3. d4 Nxd5 4. Nf3 Bg4 5. c4 Nb6 6. Be2 Nc6 7. d5 Bxf3 8.
gxf3 Ne5 9. f4 Ned7 10. Nc3 Nf6 11. Be3 c6 12. Qb3 Qc7 13. O-O-O g6 14. Kb1 Bg7
15. h4 Nfd7 16. h5 Bxc3 17. Qxc3 O-O-O 18. hxg6 fxg6 19. Qg7 cxd5 20. cxd5 Qd6
21. Rxh7 Rxh7 22. Qxh7 Kb8 23. f5 gxf5 24. Qxf5 Rf8 25. Qg5 Ka8 26. Qg3 Qb4 27.
Qg4 Qxg4 28. Bxg4 Ne5 29. Be6 Nbc4 30. Bc5 Nd6 31. Rg1 b6 32. Be3 Nec4 33. Bd4
Nd2+ 34. Kc2 Nf3 35. Bg7 Rf4 36. Rg4 Re4 37. Rxe4 Nxe4 38. Bf8 Nxf2 39. Bxe7
Nd4+ 40. Kd2 Nxe6 41. dxe6 Kb7 42. Ke3 Nd1+ 43. Ke4 Kc6 44. Ba3 Kc7 45. Ke5 Kd8
46. Kd6 Nf2 47. Kc6 Nd3 48. Kb7 b5 49. Bd6 Nxb2 50. Kxa7 Nc4 51. Bb4 Kc7 52.
Ka6 Ne3 53. Kxb5 Nf5 54. Kc5 Ng7 55. Ba5+ Kc8 56. e7 Kd7 57. Bd8 Ne6+ 58. Kb6
Nd4 59. a4 Nb3 60. a5 Nd2 61. a6 Nc4+ 62. Kc5 1-0

[Event "N�-LL 2007_08"]
[Site "?"]
[Date "2007.11.11"]
[Round "5"]
[White "Gugler, Edgar"]
[Black "Mayer, Martin"]
[Result "1-0"]
[WhiteElo "2144"]
[BlackElo "2038"]
[Annotator "Krems : Amstetten"]
[PlyCount "56"]
[EventDate "2007.10.10"]
[SourceDate "2007.11.14"]

1. d4 d5 2. Nf3 Nf6 3. e3 e6 4. Bd3 Bd6 5. b3 O-O 6. O-O Nbd7 7. Bb2 Re8 8. Ne5
c5 9. Nd2 Qc7 10. f4 a5 11. Qf3 b5 12. Bxb5 cxd4 13. exd4 Qxc2 14. Bc3 Ne4 15.
Nxe4 dxe4 16. Qe3 Bxe5 17. fxe5 Rb8 18. Rf2 Qxf2+ 19. Qxf2 Rxb5 20. Rf1 f5 21.
exf6 Nxf6 22. d5 e5 23. Qg3 Nh5 24. Qg5 g6 25. g4 Nf4 26. Rxf4 exf4 27. Qf6 Rb7
28. Qh8+ Kf7 1-0

[Event "N�_LL 2007_08"]
[Site "?"]
[Date "2007.11.11"]
[Round "5"]
[White "Schorn, Christoph"]
[Black "Kretschy, Erich"]
[Result "1-0"]
[WhiteElo "2154"]
[BlackElo "2005"]
[Annotator "Mauerbach : Bisamberg"]
[PlyCount "49"]
[EventDate "2007.11.11"]
[SourceDate "2007.11.11"]

1. e4 c5 2. Nf3 d6 3. d4 cxd4 4. Nxd4 Nf6 5. Nc3 a6 6. Bg5 e6 7. f4 Qb6 8. Qd2
Qxb2 9. Rb1 Qa3 10. f5 e5 11. Bxf6 gxf6 12. Nb3 Be7 13. Nd5 Bd8 14. Be2 Nd7 15.
O-O Nc5 16. Qh6 Nxe4 17. Bd3 Qa4 18. c4 Nc5 19. Nxc5 dxc5 20. Nxf6+ Bxf6 21.
Qxf6 Rg8 22. Qxe5+ Kd8 23. Qf6+ Ke8 24. Rfe1+ Kf8 25. Qh6+ 1-0

[Event "N�_LL 2007_08"]
[Site "?"]
[Date "2007.11.11"]
[Round "5"]
[White "Trkulja, Zoran"]
[Black "Neumeier, Klaus"]
[Result "1/2-1/2"]
[WhiteElo "2199"]
[BlackElo "2289"]
[Annotator "Mauerbach : Bisamberg"]
[PlyCount "71"]
[EventDate "2007.11.11"]
[SourceDate "2007.11.11"]

1. e4 e5 2. Nf3 Nc6 3. Nc3 Nf6 4. d4 exd4 5. Nxd4 Bb4 6. Nxc6 bxc6 7. Bd3 O-O
8. O-O Qe7 9. Qf3 h6 10. Bd2 d6 11. h3 Rb8 12. a3 Bc5 13. b4 Bd4 14. Rae1 Nd7
15. Qg3 Qe5 16. Bf4 Qf6 17. Ne2 Bb6 18. Kh1 Re8 19. Bd2 Ne5 20. Bc3 Qg5 21. f4
Qxg3 22. Nxg3 Nxd3 23. cxd3 Ba6 24. Rf3 c5 25. Nf5 cxb4 26. axb4 d5 27. Nxg7
dxe4 28. dxe4 Red8 29. Nf5 Kh7 30. Bf6 Rd3 31. Rxd3 Bxd3 32. Bc3 Bf2 33. Rd1
Bxe4 34. Rd7 Kg6 35. Ne7+ Kh7 36. Nd5 1/2-1/2

[Event "N�_LL 2007_08"]
[Site "?"]
[Date "2007.11.11"]
[Round "5"]
[White "Wetscherek, GGerhard"]
[Black "Weissenbeck, Manuel"]
[Result "0-1"]
[WhiteElo "2070"]
[BlackElo "2238"]
[Annotator "Mauerbach : Bisamberg"]
[PlyCount "47"]
[EventDate "2007.11.11"]
[SourceDate "2007.11.11"]

1. e4 c5 2. Nf3 d6 3. c3 Nf6 4. Bc4 e6 5. Qe2 Be7 6. d4 O-O 7. e5 Nd5 8. O-O
Nc6 9. Rd1 cxd4 10. cxd4 Na5 11. Bd3 Nb4 12. Nc3 Nxd3 13. Rxd3 d5 14. b3 Bd7
15. Bb2 b5 16. Rd2 a6 17. Qe3 Rc8 18. g3 h6 19. Ne1 Qb6 20. Nd3 b4 21. Ne2 Bb5
22. Rdd1 Rc2 23. Rab1 Rfc8 24. Rd2 {restliche Zuege nicht lesbar} 0-1

[Event "N�_LL 2007_08"]
[Site "?"]
[Date "2007.11.11"]
[Round "5"]
[White "Penz, Harald"]
[Black "Sadilek, Peter"]
[Result "1-0"]
[WhiteElo "2329"]
[BlackElo "2110"]
[Annotator "Mauerbach : Bisamberg"]
[PlyCount "77"]
[EventDate "2007.11.11"]
[SourceDate "2007.11.11"]

1. e4 e6 2. d4 d5 3. Nd2 Nf6 4. e5 Nfd7 5. c3 c5 6. Bd3 Nc6 7. Ne2 cxd4 8. cxd4
f6 9. exf6 Nxf6 10. O-O Bd6 11. Nf3 Qc7 12. Bg5 O-O 13. Bh4 h6 14. Bg3 Bd7 15.
Rc1 Bxg3 16. hxg3 Ng4 17. Nf4 Rxf4 18. gxf4 Qxf4 19. g3 Qf6 20. Be2 Rf8 21. Kg2
g5 22. Qd2 Be8 23. Nxg5 hxg5 24. Bxg4 Bg6 25. Rcd1 Kg7 26. f3 e5 27. dxe5 Nxe5
28. Qxd5 Nxg4 29. Qd7+ Rf7 30. Qxg4 Qxb2+ 31. Rf2 Qf6 32. Qd4 Qxd4 33. Rxd4 Bb1
34. Rb2 Bf5 35. Rb5 Kf6 36. f4 g4 37. Rd6+ Kg7 38. Kf2 Bd7 39. Rxb7 1-0

[Event "N�_LL 2007_08"]
[Site "?"]
[Date "2007.11.11"]
[Round "5"]
[White "Schroll, Gerhard"]
[Black "Kummer, Helmut"]
[Result "1/2-1/2"]
[WhiteElo "2386"]
[BlackElo "2324"]
[Annotator "Bad V�slau : Wr.Neustadt"]
[PlyCount "141"]
[EventDate "2007.10.28"]
[SourceDate "2007.11.11"]

1. d4 d5 2. c4 e6 3. Nf3 c6 4. cxd5 exd5 5. Nc3 Bf5 6. Bg5 Be7 7. Bxe7 Nxe7 8.
e3 Nd7 9. Bd3 O-O 10. O-O a5 11. b3 Re8 12. Rc1 Qb8 13. Na4 Qd6 14. Nc5 Nxc5
15. dxc5 Qf6 16. Nd4 Bxd3 17. Qxd3 Qg6 18. Rfd1 Qxd3 19. Rxd3 g6 20. a3 Nf5 21.
Nxf5 gxf5 22. Kf1 Kg7 23. Rd4 Re4 24. Ke2 Rae8 25. Kd3 f4 26. exf4 Rxd4+ 27.
Kxd4 Re4+ 28. Kd3 Rxf4 29. f3 Rh4 30. h3 f6 31. Rh1 Kf7 32. g3 Rh6 33. h4 Rg6
34. Rg1 f5 35. Ke3 Re6+ 36. Kf4 Kf6 37. g4 fxg4 38. Rxg4 Re1 39. Rg5 d4 40. Rh5
a4 41. bxa4 Ke6 42. Rh6+ Kd5 43. Rxh7 Kxc5 44. Rxb7 d3 45. Rd7 Kc4 46. a5 $2
Kc3 47. Rc7 Re6 48. Kf5 Rd6 49. Ke5 d2 50. Kxd6 d1=Q+ 51. Kxc6 Qxf3+ 52. Kb6+
Kd4 53. a6 Qb3+ 54. Ka7 Kd5 55. Rb7 Qxa3 56. h5 Qe3+ 57. Ka8 Qe8+ 58. Ka7 Qe3+
59. Ka8 Kc6 60. Kb8 Qe5+ 61. Ka7 Qc5+ 62. Kb8 Qxh5 63. Ka7 Qa5 64. Rb8 Qc5+ 65.
Ka8 Qe7 66. Rb7 Qe5 67. Ka7 Qf4 68. Ka8 Qa4 69. Ka7 Qd4+ 70. Ka8 Qd8+ 71. Ka7
1/2-1/2

[Event "N�-LL 2007_08"]
[Site "?"]
[Date "2007.11.11"]
[Round "5"]
[White "Lampl, Gerald"]
[Black "Posch, Werner"]
[Result "1/2-1/2"]
[WhiteElo "2094"]
[BlackElo "2173"]
[Annotator "Bad V�slau : Wr.Neustadt"]
[PlyCount "59"]
[EventDate "2007.10.10"]
[SourceDate "2007.11.14"]

1. d4 d5 2. c4 Bf5 3. Nc3 e6 4. cxd5 exd5 5. Qb3 Nc6 6. e4 dxe4 7. d5 Nb4 8. a3
Nd3+ 9. Bxd3 exd3 10. Qb5+ Bd7 11. Qxb7 Bd6 12. Nf3 Nf6 13. O-O O-O 14. Bg5 Rb8
15. Qxa7 Rxb2 16. Ne4 Be7 17. Qd4 Rb6 18. d6 cxd6 19. Nxf6+ Bxf6 20. Bxf6 gxf6
21. Qxd3 Bb5 22. Qd4 Bxf1 23. Rxf1 Re8 24. h3 d5 25. Rd1 Rd6 26. Qg4+ Kh8 27.
Qh5 d4 28. Rd3 Qd7 29. Qh4 Qf5 30. Rxd4 1/2-1/2

[Event "N�-LL 2007_08"]
[Site "?"]
[Date "2007.11.11"]
[Round "5"]
[White "Staberhofer, Rainer"]
[Black "Zojer, Thomas"]
[Result "0-1"]
[WhiteElo "2171"]
[BlackElo "2114"]
[Annotator "Bad V�slau : Wr.Neustadt"]
[PlyCount "78"]
[EventDate "2007.10.10"]
[SourceDate "2007.11.14"]

1. e4 c5 2. Nf3 Nc6 3. Bb5 g6 4. O-O Bg7 5. c3 e5 6. Re1 Nge7 7. d3 O-O 8. Bg5
Qb6 9. Bxc6 Nxc6 10. Qb3 Qc7 11. Nbd2 d6 12. Nf1 Be6 13. Qc2 b5 14. Qd2 Rab8
15. Bh6 Qe7 16. Bxg7 Kxg7 17. Ng5 h6 18. Nxe6+ fxe6 19. Re3 Nd8 20. Rae1 Nf7
21. Rg3 b4 22. c4 Ng5 23. Rg4 Nh7 24. Ng3 Nf6 25. Rh4 Ng8 26. Rh3 Rf4 27. Ne2
Rg4 28. f3 Rh4 29. Rxh4 Qxh4 30. f4 Rf8 31. Rf1 Ne7 32. Qe3 Nc6 33. g3 exf4 34.
Nxf4 Qe7 35. Qf3 Nd4 36. Qg4 Qg5 37. Qxe6 Qxf4 38. Qxg6+ Kxg6 39. gxf4 Rxf4 0-1

[Event "N�-LL 2007_08"]
[Site "?"]
[Date "2007.11.11"]
[Round "5"]
[White "Hofbauer, Peter"]
[Black "Todor, Razvan"]
[Result "0-1"]
[WhiteElo "2066"]
[BlackElo "2169"]
[Annotator "Bad V�slau : Wr.Neustadt"]
[PlyCount "66"]
[EventDate "2007.10.10"]
[SourceDate "2007.11.14"]

1. e4 d5 2. exd5 Qxd5 3. d4 Nf6 4. Nf3 Bg4 5. Be2 Nc6 6. O-O O-O-O 7. c4 Qh5 8.
Nc3 e5 9. d5 e4 10. Ng5 Ne5 11. Bf4 Bd6 12. Ngxe4 Nxe4 13. Bxg4+ Nxg4 14. Nxe4
Bxf4 15. h3 Nf6 16. Nxf6 Qxd1 17. Rfxd1 gxf6 18. g3 Be5 19. Rab1 Rhg8 20. Kf1
f5 21. f4 Bd6 22. Rd3 a5 23. a3 a4 24. b3 axb3 25. Rbxb3 Rde8 26. Rb5 b6 27. a4
Bc5 28. a5 Re4 29. axb6 cxb6 30. Rc3 Rge8 31. Rb1 Re2 32. Rbc1 Rf2+ 33. Kg1
Ree2 0-1

[Event "N�_LL 2007_08"]
[Site "?"]
[Date "2007.11.11"]
[Round "5"]
[White "Hangweyrer, Roman"]
[Black "G�tz, Alexander"]
[Result "1/2-1/2"]
[WhiteElo "2120"]
[BlackElo "2163"]
[Annotator "Niederabsdorf : Zwettl"]
[PlyCount "29"]
[EventDate "2007.??.??"]

1. c4 c5 2. Nc3 Nc6 3. Nf3 g6 4. g3 Bg7 5. Bg2 d6 6. O-O e5 7. d3 Nge7 8. a3
O-O 9. Rb1 a5 10. Bd2 Rb8 11. e4 f5 12. Nd5 fxe4 13. dxe4 Nxd5 14. cxd5 Nd4 15.
Bc3 1/2-1/2